| 000 | 00441nam a2200133 4500 | ||
|---|---|---|---|
| 999 |
_c16132 _d16132 |
||
| 008 | 210428b ||||| |||| 00| 0 eng d | ||
| 022 | _a1559-663X | ||
| 082 | _aDPer 420.705 En36 c2006-2008 | ||
| 245 | _aUsing journalism skills in the language classroom. | ||
| 260 |
_aWashington, D.C. : _bEnglish Teaching Forum, _cc2006-2008. |
||
| 300 |
_av44 n4, pages 48-56; _c27 cm. |
||
| 650 |
_a Programmed instruction. _x _943216 |
||
| 942 |
_2ddc _cPER |
||